Online
Catalog

Select documents illustrating the four voyages of columbus. (Record no. 22711)

MARC details
000 -CABECERA
campo de control de longitud fija 00688nam a2200217 a 4500
001 - NÚMERO DE CONTROL
campo de control 000023214
005 - FECHA Y HORA DE LA ÚLTIMA TRANSACCIÓN
campo de control 20200930022050.0
008 - DATOS DE LONGITUD FIJA--INFORMACIÓN GENERAL
campo de control de longitud fija 101130k19201932xxu 000 0 eng d
040 ## - FUENTE DE LA CATALOGACIÓN
Centro catalogador/agencia de origen DO-SdBNP
Lengua de catalogación eng
Centro/agencia transcriptor BNPHU
082 ## - NÚMERO DE LA CLASIFICACIÓN DECIMAL DEWEY
Número de clasificación nn*
Número de documento/Ítem nn*
049 ## - FONDOS LOCALES (OCLC)
Fondos de biblioteca BNGR
245 00 - MENCIÓN DE TÍTULO
Título Select documents illustrating the four voyages of columbus.
260 ## - PUBLICACIÓN, DISTRIBUCIÓN, ETC.
Lugar de publicación, distribución, etc. [Estados Unidos] :
Nombre del editor, distribuidor, etc. The Hakluyt Society,
Fecha de publicación, distribución, etc. 1920-1932.
300 ## - DESCRIPCIÓN FÍSICA
Extensión v. ;
Dimensiones 22 cm.
490 1# - MENCIÓN DE SERIE
Mención de serie V. 1. Second series
Designación de volumen o secuencia 65
490 1# - MENCIÓN DE SERIE
Mención de serie V. 2. Second series
Designación de volumen o secuencia 70
500 ## - NOTA GENERAL
Nota general Incluye índice.
500 ## - NOTA GENERAL
Nota general La biblioteca sólo posee los volumenes 1 y 2.
830 #0 - PUNTO DE ACCESO ADICIONAL DE SERIE-TÍTULO UNIFORME
Título uniforme V. 1.
Nombre de parte o sección de la obra Second series
Designación de volumen o secuencia 65
9 (RLIN) 47793
830 #0 - PUNTO DE ACCESO ADICIONAL DE SERIE-TÍTULO UNIFORME
Título uniforme V. 2.
Nombre de parte o sección de la obra Second series
Designación de volumen o secuencia 70
9 (RLIN) 47794
Holdings
Estado de retiro Estado de pérdida Restricciones de uso No para préstamo Código de colección Localización permanente Ubicación/localización actual Ubicación en estantería Fecha de adquisición Número de inventario Total de préstamos Signatura topográfica completa Código de barras Fecha visto por última vez Precio válido a partir de Tipo de ítem Koha
        Monografías: Libros y Folletos General General En catalogación 30.11.2010 LF1   v. 1 23214-10 25.06.2020 25.06.2020 Préstamo en sala
        Monografías: Libros y Folletos General General En catalogación 30.11.2010 LF1   v. 2 23214-20 25.06.2020 25.06.2020 Préstamo en sala
        Monografías: Libros y Folletos General General En catalogación 30.11.2010 LF1   v. 2, e. 2 23214-30 25.06.2020 25.06.2020 Préstamo en sala

Powered by Koha